Theoretical analysis of the strain mapping in a single core-shell nanowire by x-ray Bragg ptychography; Proceedings of SPIE; Vol. 9592 : X-Ray Nanoimaging: Instruments and Methods II

Bibliografske podrobnosti
Parent link:Proceedings of SPIE
Vol. 9592 : X-Ray Nanoimaging: Instruments and Methods II.— 2015.— [95920S, 8 p.]
Korporativna značnica: Национальный исследовательский Томский политехнический университет (ТПУ) Институт международного образования и языковой коммуникации (ИМОЯК) Кафедра междисциплинарная (МД)
Drugi avtorji: Dzhigaev D. Dmitry, Stankevic T. Tomas, Besedin I. Ilya, Lazarev S. V. Sergey Vladimirovich, Shabalin A. Anatoly, Strikhanov M. N. Mikhail Nikolaevich, FeidenhansI R. Robert, Vartanyants I. A. Ivan
Izvleček:Title screen
X-ray Bragg ptychography (XBP) is an experimental technique for high-resolution strain mapping in a single nano- and mesoscopic crystalline structures. In this work we discuss the conditions that allow direct interpretation of the ptychographic reconstructions in terms of the strain distribution obtained from the two dimensional (2D) XBP. Simulations of the 2D XBP experiments under realistic experimental conditions are performed with a model of InGaN/GaN core-shell nanowire with low (1%) and high (30%) Indium concentrations in the shell.
Режим доступа: по договору с организацией-держателем ресурса
Jezik:angleščina
Izdano: 2015
Teme:
Online dostop:http://dx.doi.org/10.1117/12.2190416
Format: MixedMaterials Elektronski Knjiga
KOHA link:https://koha.lib.tpu.ru/cgi-bin/koha/opac-detail.pl?biblionumber=647063

MARC

LEADER 00000nlm2a2200000 4500
001 647063
005 20231101134440.0
035 |a (RuTPU)RU\TPU\network\12200 
035 |a RU\TPU\network\12118 
090 |a 647063 
100 |a 20160324a2015 k y0rusy50 ba 
101 0 |a eng 
105 |a a z 101zy 
135 |a drcn ---uucaa 
181 0 |a i  
182 0 |a b 
200 1 |a Theoretical analysis of the strain mapping in a single core-shell nanowire by x-ray Bragg ptychography  |f D. Dzhigaev [et al.] 
203 |a Text  |c electronic 
300 |a Title screen 
320 |a [References: 21 tit.] 
330 |a X-ray Bragg ptychography (XBP) is an experimental technique for high-resolution strain mapping in a single nano- and mesoscopic crystalline structures. In this work we discuss the conditions that allow direct interpretation of the ptychographic reconstructions in terms of the strain distribution obtained from the two dimensional (2D) XBP. Simulations of the 2D XBP experiments under realistic experimental conditions are performed with a model of InGaN/GaN core-shell nanowire with low (1%) and high (30%) Indium concentrations in the shell. 
333 |a Режим доступа: по договору с организацией-держателем ресурса 
461 1 |0 (RuTPU)RU\TPU\network\12028  |t Proceedings of SPIE 
463 |t Vol. 9592 : X-Ray Nanoimaging: Instruments and Methods II  |o San Diego, California, United States, August 09, 2015  |o [proceedings]  |v [95920S, 8 p.]  |d 2015 
610 1 |a электронный ресурс 
610 1 |a труды учёных ТПУ 
610 1 |a ядро 
610 1 |a оболочки 
610 1 |a нанопроволоки 
701 1 |a Dzhigaev  |b D.  |g Dmitry 
701 1 |a Stankevic  |b T.  |g Tomas 
701 1 |a Besedin  |b I.  |g Ilya 
701 1 |a Lazarev  |b S. V.  |c physicist  |c engineer at Tomsk Polytechnic University  |f 1984-  |g Sergey Vladimirovich  |2 stltpush  |3 (RuTPU)RU\TPU\pers\35210 
701 1 |a Shabalin  |b A.  |g Anatoly 
701 1 |a Strikhanov  |b M. N.  |g Mikhail Nikolaevich 
701 1 |a FeidenhansI  |b R.  |g Robert 
701 1 |a Vartanyants  |b I. A.  |g Ivan 
712 0 2 |a Национальный исследовательский Томский политехнический университет (ТПУ)  |b Институт международного образования и языковой коммуникации (ИМОЯК)  |b Кафедра междисциплинарная (МД)  |h 3526  |2 stltpush  |3 (RuTPU)RU\TPU\col\19012 
801 2 |a RU  |b 63413507  |c 20160324  |g RCR 
856 4 |u http://dx.doi.org/10.1117/12.2190416 
942 |c CF